Historisches Land zum Führer - Statistiken

Allgemein
  • Dieses Quiz wurde 406 mal gespielt
  • Das Durchschnittsergebnis liegt bei 7 aus 20
Antwortstatistiken
Führer ... dieses Landes % Korrekt
Gaius Iulius Caesar Das römische Reich
96%
Konrad Adenauer West Deutschland
90%
Wladimir Iljitsch Lenin Sowjetunion
82%
Johann Sigismund, Markgraf von Brandenburg Preußen
68%
Abdülhamid II. Osmanisches Reich
56%
Xerxes I. Persien
55%
Leonidas II Sparta
49%
Seongjong Korea
42%
Macbeth Schottland
41%
Stejpan Mesić Jugoslawien
37%
Harald I. Hasenfuß England
30%
Maximilian II Heiliges Römisches Reich
20%
Sam Houston Texas
18%
Ottokar I. Přemysl Böhmen
15%
Lorenzo Tiepolo Venedig
15%
Kalakāua Hawaii
14%
Nebukadnezar I Babylonien
12%
Theophylaktos II. Neapel
3%
Songtsen Gampo Tibet
3%
Marthinus Wessel Pretorius Orange Freistaat
1%
Keine übereinstimmenden Quizze gefunden
Verteilung der Resultate
Anzahl Personen mit jedem Resultat
Perzentil nach korrekt beantworteten Fragen
Ihre Resultats-Entwicklung
Sie haben dieses Quiz noch nicht gespielt